| 000 | 01020nam a22002657a 4500 | ||
|---|---|---|---|
| 001 | BD-DhSAU 9278 | ||
| 003 | BD-DhSAU | ||
| 005 | 20260512151620.0 | ||
| 008 | 260512b2018 bg a|||| m||| 00| 0 eng d | ||
| 040 | _aBD-DhSAU | ||
| 082 |
_222 _a631.4 _bSy26 |
||
| 100 |
_aHASAN, SYED SABBIR _eRegistration # 22010004 |
||
| 245 |
_aEffect of organic and inorganic fertilizer
application on growth and yield of rice
(brri dhan93) /
_bMS thesis |
||
| 260 |
_aSher-e-Bangla Agricultural University; _bDepartment of Soil Science, ; _c2024. |
||
| 300 |
_a, 70p. : _bill. ; _c30 cm. |
||
| 500 | _aMS thesis of Department of Soil Science, ;, Faculty of Agriculture. Sher-e-Balgla Agricultural University Dhaka-1207 | ||
| 504 | _aIncludes bibliographical reference. | ||
| 590 | _aNazmul | ||
| 650 | _aorganic and inorganic fertilizer | ||
| 650 | _arice (brri dhan93) | ||
| 700 |
_aProf. Mst. Afrose s Jahan _eSuperviser |
||
| 710 |
_eCo-Superviser _aProf. Dr. Md. Saiful Islam |
||
| 942 |
_2ddc _cTHESIS |
||
| 999 |
_c18393 _d18392 |
||